000 01193nam a2200325 a 4500
001 000014763
003 DO-SdBNP
005 20171011103008.0
007 000014763
008 100120s2008 dr ac 001 0 spa d
020 _a9789945421552
040 _aBPMSU
_bspa
_cPBMSU
082 4 _a922.2
_bC796C
100 1 _aCampos Villalón, Luisa
245 1 0 _aPedro de Córdoba :
_bprecursor de una comunidad defensora de la vida /
_cLuisa Campos Villalón ; prólogo Carlos A. Azpíroz Costa.
260 _aSanto Domingo :
_bMSC,
_c2008.
300 _a207 p. :
_bil., retrs. ;
_c23 cm.
500 _aIncluye datos biográficos del autor en la solapa.
500 _aIncluye referencias bibliográficas y notas al pie de las páginas.
504 _aIncluye bibliografía (p. 153 - 157 )
600 1 4 _aCÓRDOBA, PEDRO DE,
_d1482-1525
650 4 _aMISIONES
_xIGLESIA CATÓLICA
_zREPÚBLICA DOMINICANA
_xHISTORIA
650 4 _aDOMINICOS
651 _aREPÚBLICA DOMINICANA
_xBIOGRAFÍAS
700 1 _aAzpíroz Costa, Carlos A.,
_epról.
942 _2ddc
_cBK
945 _aInvetariado / 2017 VM
956 _aVMATEO
_b10
_c20150803
_lBPMSU
_h00151
956 _aValidado. Control de calidad MFF
999 _c8054
_d8054